00722 2200289 4500001002100000005001500021035002000036007000300056008004100059020001900100082001000119084002100129084002000150084002000170100001800190245007200208250001000280260003100290300002400321600002100345990000900366990000900375990000900384990001300393990001300406990001300419INLIS00000000000753820241215100433 a0010-1221000036ta241215 g 0 ind  a978602-2517320 a303.6 a303.6 EDE s C.1 a303.6 SAL s C.2 a303.6 SAL s C.30 aSALMAN FARIST1 a101 AKSI TEROR & HURU-HARA TERDAHSYAT DI MUKA BUMI /cSALMAN FARIST acet.1 aJakarta :bGramedia,c2020 a147 :bilus ;c21cm 4aAhli Bibliografi a4487 a4488 a4489 a023.2537 a023.2538 a023.2539